The Assam panchayat act, 1959 (Assam act no. XXIV of 1959) (Record no. 509157)

000 -LEADER
fixed length control field 00359cam a22001217a 4500
008 - FIXED-LENGTH DATA ELEMENTS--GENERAL INFORMATION
fixed length control field 180718b1959 xxu||||| |||| 00| 0 eng d
082 ## - DEWEY DECIMAL CLASSIFICATION NUMBER
Classification number B71103x5411 A/1959
100 ## - MAIN ENTRY--PERSONAL NAME
Personal name Assam. Legislative Assembly
9 (RLIN) 4751
245 ## - TITLE STATEMENT
Title The Assam panchayat act, 1959 (Assam act no. XXIV of 1959)
260 ## - PUBLICATION, DISTRIBUTION, ETC. (IMPRINT)
Place of publication, distribution, etc Shillong
Name of publisher, distributor, etc Government Press
Date of publication, distribution, etc 1959
300 ## - PHYSICAL DESCRIPTION
Extent 62p.
942 ## - ADDED ENTRY ELEMENTS (KOHA)
Source of classification or shelving scheme
Holdings
Withdrawn status Lost status Source of classification or shelving scheme Damaged status Koha normalized classification for sorting Not for loan Permanent location Current location Date acquired Full call number Barcode Date last seen Price effective from Koha item type
        B_71103X5411_A_1959_000000000000000   Indian Institute of Public Administration Indian Institute of Public Administration 2019-04-25 B71103x5411 A/1959 GG34514 2019-04-25 2019-04-25 GG

Powered by Koha